Posonium-díjasok

Bibliographic Details
Main Author: (dz) (Author)
Format: Article
Language:Hungarian
Slovak
ISSN:1335-6631
Subjects:

MARC

LEADER 00000nab a2200000 a 4500
001 vtls000801204
003 SK-MaSNL
005 20260319074847.0
008 160314c2002 xo 0 hun
015 |a SNBRB2002/07-22910 
035 |a CLN000152859 
040 |a SNKBUCL  |b slo  |c SNKBUCL  |e AACR2 
041 0 |a slo 
044 |a xo  |c SK 
080 |a 82:061.7  |2 UDC-MRF-SK2 
080 |a 894.511 (437.6):061.7  |2 UDC-MRF-SK2 
080 |a 7:06.068(437.6=945.11)  |2 UDC-MRF-SK2 
080 |a 06.068(437.6=945.11):7  |2 UDC-MRF-SK2 
100 0 |a (dz)  |4 aut  |9 832000 
245 1 0 |a Posonium-díjasok  |c [szerző] (dz) 
650 0 7 |a Literárna cena Posonium  |y 2002  |2 snkbucl  |9 844996 
650 0 7 |a Umelecká cena Posonium  |y 2002  |2 snkbucl  |9 844997 
650 0 7 |a literárne ceny  |y za r. 2002  |2 snkbucl  |9 23787 
650 0 7 |a ceny umelecké  |y 2002  |2 snkbucl  |9 844998 
773 0 |x 1335-6631  |t Szabad újság  |g Roč. 10, č. 25 (2002), s. 8 
850 |a Slovenská národná knižnica v Martine 
852 |a SNK  |b KIS3GCP 
958 |a HU 
958 |a SK 
958 |a LX 
958 |a RBX 
999 |c 1361992  |d 1363922